Monopoly Board to Country - Click Quiz #4 - Statistics

General Stats
  • This quiz has been taken 1,356 times
  • The average score is 14 of 20
Answer Stats
Hint Answer % Correct
Morocco
90%
Kenya
83%
Netherlands
83%
Cuba
82%
Monaco
81%
Montenegro
81%
Armenia
78%
Brunei
78%
Saudi Arabia
77%
Finland
74%
Qatar
74%
Chile
73%
Venezuela
73%
Iran
71%
Iceland
66%
Slovakia
61%
Panama
58%
Slovenia
54%
Latvia
53%
Malta
47%
No matching quizzes found
Score Distribution
Percent of People with Each Score
Percentile by Number Answered
Your Score History
You have not taken this quiz